| 000 | 00378nam a2200157Ia 4500 | ||
|---|---|---|---|
| 008 | 210210b1981 xxu||||| |||| 00| 0 eng d | ||
| 020 | _a0 7069 1076 1 | ||
| 082 | _a923.1 MUNA | ||
| 100 | _aMUNI LAL. | ||
| 245 | _aAkbar. | ||
| 260 |
_aNew Delhi. _bVikas Publishing House Pvt Ltd., _c1981 |
||
| 300 | _ax,325 | ||
| 650 | _aKings | ||
| 690 | _aBiography | ||
| 906 | _aSG02236 | ||
| 999 |
_c113661 _d113661 |
||